Countries Mentioned in Captain America: Brave New World - Statistics

General Stats
  • This quiz has been taken 28 times
  • The average score is 4 of 6
Answer Stats
Country % Correct
United States
95%
Japan
62%
France
57%
Mexico
57%
India
52%
Wakanda
38%
No matching quizzes found
Score Distribution
Percent of People with Each Score
Percentile by Number Answered
Your Score History
You have not taken this quiz